INDIA:FROM MIDNIGHT TO THE MILLENIUM (Record no. 31933)

MARC details
000 -LEADER
fixed length control field 00265nam a22001217a 4500
003 - CONTROL NUMBER IDENTIFIER
control field SGT
082 ## - DEWEY DECIMAL CLASSIFICATION NUMBER
Classification number 320
Item number I07T
100 ## - MAIN ENTRY--PERSONAL NAME
Personal name THAROOR, SHASHI
245 ## - TITLE STATEMENT
Title INDIA:FROM MIDNIGHT TO THE MILLENIUM
260 ## - PUBLICATION, DISTRIBUTION, ETC. (IMPRINT)
Name of publisher, distributor, etc PENGUIN BOOKS
Year of Publication 2007
300 ## - PAGE DESCRIPTION
No. of Pages 389
942 ## - ADDED ENTRY ELEMENTS (KOHA)
Source of classification or shelving scheme Dewey Decimal Classification
Koha item type Books
Holdings
Withdrawn status Lost status Source of classification or shelving scheme Damaged status Not for loan Home library Current library Shelving location Date acquired SGTU Total Checkouts Full call number Accession No. (Barcode) Date last seen Bill Date Koha item type
    Dewey Decimal Classification   Not For Loan SGT Chancellor's Library SGT Chancellor's Library Reference Book 04/07/2025 SGTU   320 I07T CH3952 04/07/2025 04/07/2025 Books